000
00437nam a2200133Ia 4500
008
100328s9999 xx 000 0 und d
082
_b
20123
100
_a
मनोहर श्याम
245
_a
बिनमौजेच्या गोष्टी
260
_b
ाारा
630
_a
बिनमौजेच्या गोष्टी
730
_a
बिनमौजेच्या गोष्टी
942
_c
BOOK
999
_c
514328
_d
514325